| 000 | 00964cab a2200313 4500 | ||
|---|---|---|---|
| 001 | ABS59058 | ||
| 008 | 090401t1998 xxu||||| |||| 00| 0 eng d | ||
| 035 | _a(Sirsi) u87493 | ||
| 041 | _aeng | ||
| 100 | _aReeds, J. | ||
| 245 | _aToo little, too late? | ||
| 260 | _c1998 | ||
| 350 | _a0 | ||
| 490 |
_aInside Housing _v15(27) 3 July 1998, 15(1) |
||
| 520 | _aComments on the proposed consultation paper, due out summer 1998, on a new licensing scheme for houses in multiple ocupation. Considers fire and safety standards, exclusions and planning consent. | ||
| 650 | _aBEDSITS | ||
| 650 | _aEXEMPTIONS | ||
| 650 | _aFIRE STANDARDS | ||
| 650 | _aHOUSES IN MULTIPLE OCCUPATION | ||
| 650 | _aLICENSING SCHEMES | ||
| 650 | _aPLANNING PERMISSION | ||
| 650 | _aPRIVATE LANDLORDS | ||
| 650 | _aREGISTRATION SCHEME | ||
| 650 | _aSAFETY STANDARDS | ||
| 650 | _aSTANDARDS | ||
| 690 |
_aBlock management _96220 |
||
| 942 | _n0 | ||
| 948 | _c20/07/1998 | ||
| 999 |
_c55191 _d55191 |
||